Szép ünnepség keretében a Móricz Zsigmond népi kollégisták felavatták a saját erejükből újjáépített otthonukat
Elmentve itt :
| Dokumentumtípus: | Cikk |
|---|---|
| Megjelent: |
1947-04-22
|
| Sorozat: | Délmagyarország
|
| Kulcsszavak: | Népi kollégium, Móricz Zsigmond, Újjáépítés Szeged 1947 |
| Online Access: | http://dmarchiv.bibl.u-szeged.hu/34493 |
| LEADER | 00533nab a2200145 i 4500 | ||
|---|---|---|---|
| 001 | delm34493 | ||
| 005 | 20180927112906.0 | ||
| 008 | 180927s1947 hu o 0|| hun d | ||
| 040 | |a SZTE Délmagyarország Archívum |b hun | ||
| 041 | |a hun | ||
| 245 | 0 | 0 | |a Szép ünnepség keretében a Móricz Zsigmond népi kollégisták felavatták a saját erejükből újjáépített otthonukat |h [elektronikus dokumentum] |
| 260 | |c 1947-04-22 | ||
| 300 | |a 2 | ||
| 490 | 0 | |a Délmagyarország | |
| 695 | |a Népi kollégium, Móricz Zsigmond, Újjáépítés Szeged 1947 | ||